| 000 | 00496cam a2200193ua 4500 | ||
|---|---|---|---|
| 020 | _c60.00 | ||
| 041 |
_aeng _h |
||
| 082 |
_a621.319 _bGOL/EL |
||
| 100 | _aGolding, E.W . | ||
| 245 |
_aElectrical Measurements and measuring instruments / _cE.W.Golding. _hTextual Documents |
||
| 250 |
_a5 / _b. |
||
| 260 |
_aDelhi : _bA.H.Wheeler & co. pvt Ltd , _c1986. |
||
| 300 | _a952 ; . | ||
| 365 | _a60.00 | ||
| 504 | _a | ||
| 700 | 1 | _aWiddis, F C . | |
| 942 | _cBK | ||
| 999 |
_c1343 _d1343 |
||